000 00691cab a2200253 4500
001 X389
008 090401t1993 xxu||||| |||| 00| 0 eng d
035 _a(Sirsi) u65386
041 _aeng
245 _aNo point in reversing appeal on tipping
260 _c1993
350 _a0
490 _aCS Monthly : Rural Practice
_v2(4) January 1993, 7(1)
520 _aBedfordshire CC and Parrish Bros. Ltd
650 _aANCIENT MONUMENTS
650 _aARCHAEOLOGICAL REMAINS
650 _aDEPOSITION OF SOIL
650 _aLAND RESTORATION
650 _aMEDIEVAL VILLAGE
650 _aWASTE DISPOSAL PLAN
690 _aPLANNING LAW AND PRACTICE
942 _n0
948 _c04/03/1997
999 _c40771
_d40771